00689nam a2200241 a 4500001001300000003000900013005001700022008004100039020001000080082001900090100001500109245003000124260004300154300000900197500003500206505001300241650003700254700001500291902000800306942000700314952011100321999001500432nice12345678IN_TiNIC20260116011813.0050524s1977 laha grp 000 0 eng  ac10000a330.10297bYUS aYusuf, S M aEconomic Justice in Islam aLahorebMohd.Hafeeaullah Qureshic1977 a116p aincludes index and biblioraphy2 aAppendix aEconomics-Religious Aspect-Islam1 aYusuf, S M bSRS cBK 00104070aHMIbHMId2007-04-30g100.00l1o330.10297 YUSp09338r2025-02-18s2025-02-03w2026-01-16yEB c4092d4092